Name an Island A-Z - Statistics

General Stats
  • This quiz has been taken 190 times
  • The average score is 13 of 24
Answer Stats
Letter Biggest Island(s) All Islands % Correct
S Sumatra | Sulawesi | South Island | +17 Sumatra | Sulawesi | South Island | Sakhalin | Sri Lanka | Severny Island | Southampton Island | Spitsbergen | Sicily | Somerset Island | Sardinia | Shikoku | Seram Island | Sumbawa | Samar | Sumba | Salsette | Singapore Island | São Luís | São Vicente
94%
B Borneo | Baffin Island | Banks Island | +11 Borneo | Baffin Island | Banks Island | Berkner Island | Bananal Island | Bathurst Isalnd | Bangka Island | Bolshevik Island | Bylot Island | Bali | Bhola Island | Bohol | Batam | Bahrain Island
92%
C Cuba | Cebu | Cyprus | +3 Cuba | Cebu | Cyprus | Cape Breton Island | Crete | Chongming
92%
M Madagascar | Mindanao | Melville Island | +8 Madagascar | Mindanao | Melville Island | Marajó | Mindoro | Madura | Montreal | Manhattan Island | Mauritius | Mallorca | Masbate
91%
G Greenland | Great Britain | Grande Terre | Gran Canaria Greenland | Great Britain | Grande Terre | Gran Canaria
89%
H Honshu | Hokkaido | Hispaniola | +5 Honshu | Hokkaido | Hispaniola | Hainan | Halmahera | Hawaiʻi | Haizhu | Hong Kong Island
88%
I Iceland | Ireland | Isla Grande de Tierra del Fuego Iceland | Ireland | Isla Grande de Tierra del Fuego
88%
J Java | Jamaica | Jeju | Jolo Java | Jamaica | Jeju | Jolo
88%
N New Guinea | North Island | Newfoundland | +5 New Guinea | North Island | Newfoundland | New Britain | Nordaustlandet | Negros | Nantai | Nias
84%
T Tasmania | Taiwan | Timor | +3 Tasmania | Taiwan | Timor | Trinidad | Thurston Island | Tenerife
84%
L Luzon | Long Island | Lombok | Leyte Luzon | Long Island | Lombok | Leyte
71%
V Victoria Island | Vancouver Island | Viti Levu Victoria Island | Vancouver Island | Viti Levu
56%
O Okinawa Island | Oahu | October Revolution Island Okinawa Island | Oahu | October Revolution Island
45%
K Kyushu | Kotelny Island | King William Island Kyushu | Kotelny Island | King William Island
43%
P Prince of Wales Island | Palawan | Panay | +4 Prince of Wales Island | Palawan | Panay | Prince Patrick Island | Puerto Rico | Penang Island | Phuket
41%
E Ellesmere Island | Ellef Ringnes Island Ellesmere Island | Ellef Ringnes Island
39%
Z Zhongshan Island | Zealand | Zhoushan Island Zhongshan Island | Zealand | Zhoushan Island
31%
F Flores Flores
18%
X Xiamen Island Xiamen Island
18%
R Réunion Réunion
15%
D Devon Island Devon Island
12%
A Alexander Island | Axel Heiberg Island Alexander Island | Axel Heiberg Island
10%
Y Yuzhny Island | Yos Sudarso Island Yuzhny Island | Yos Sudarso Island
4%
U Unguja Unguja
3%
No matching quizzes found
Score Distribution
Percent of People with Each Score
Percentile by Number Answered
Your Score History
You have not taken this quiz